000 00200nam a22000977a 4500
082 _aم ح م
100 _aمحمد زکریا
245 _aفضاءل اعمال
260 _aکراچی
942 _cBK
999 _c11711
_d11711